000 02473nam a2200301Ia 4500
003 OSt
005 20230404074917.0
008 141031s9999 ck 000 0 spa d
020 _a9789588886213
040 _aCO-BoRNBP
_bspa
_erda
_cCO-MqBPB
082 _aAN
_bGARc
100 1 _aGarcía Márquez, Gabriel
_d1928-2014
_96354
245 1 0 _aCien años de soledad /
_cGabriel García Márquez
264 _aBogotá :
_bPenguin Random House:
_c2014.
300 _a494
_bTapa Rustica
_c19 cm.
336 _atexto
_btxt
_2rdacontent
337 _asin mediación
_bn
_2rdamedia
338 _avolumen
_bnc
_2rdacarrier
490 _aContemporanea
500 _aSeñalada como «catedral gótica del lenguaje», este clásico del siglo XX es el enorme y espléndido tapiz de la saga de la familia Buendía, en la mítica aldea de Macondo.Un referente imprescindible de la vida y la narrativa latinoamericana.«Muchos años después, frente al pelotón de fusilamiento, el coronel Aureliano Buendía había de recordar aquella tarde remota en que su padre lo llevó a conocer el hielo. Macondo era entonces una aldea de veinte casas de barro y cañabrava construidas a la orilla de un río de aguas diáfanas que se precipitaban por un lecho de piedras pulidas, blancas y enormes como huevos prehistóricos. El mundo era tan reciente, que muchas cosas carecían de nombre, y para mencionarlas había que señalarlas con el dedo.»Con estas palabras empieza la novela ya legendaria en los anales de la literatura universal, una de las aventuras literarias más fascinantes de nuestro siglo. Millones de ejemplares de Cien años de soledad leídos en todas las lenguas y el Premio Nobel de Literatura coronando una obra que se había abierto paso «boca a boca» -como gusta decir al escritor- son la más palpable demostración de que la aventura fabulosa de la familia Buendía-Iguarán, con sus milagros, fantasías, obsesiones, tragedias, incestos, adulterios, rebeldías, descubrimientos y condenas, representaba al mismo tiempo el mito y la historia, la tragedia y el amor del mundo entero.Pablo Neruda dijo...«El Quijote de nuestro tiempo.»
586 _aPremio nobel de Literatura, 1982
650 1 4 _2LEMB
_aNovela colombiana
_ySiglo XX
_92514
650 1 4 _2LEMB
_aLiteratura colombiana
_ySiglo XX
_92515
650 1 4 _2LEMB
_aRealismo mágico en la literatura
_917754
650 1 4 _2LEMB
_aSoledad en la literatura
_917774
700 1 _a Hernández A. Iván
_eeditor
_917775
942 _cBKLIT
999 _c14873
_d14873